عرض عادي
عرض مارك
- Scotland
مدخل إسم جغرافي
001 - رقم الضبط
- حقل الضبط: 45927
003 - معرف رقم الضبط
- حقل الضبط: OSt
005 - تاريخ ووقت أخر عملية
- حقل الضبط: 20140707205431.0
008 - عناصر بيانات ثابتة الطول
- حقل تحكم ثابت الطول: 140707|||a|||||| | ||| d
040 ## - مصدر الفهرسة
- هيئة الفهرسة الأصلية: OSt
- وكالة الكتابة: OSt
151 ## - مدخل-- مصطلح تاريخي
- اسم جغرافي: Scotland
- تفريع شكلي: Drama.
670 ## - بيانات المصدر موجوده
- الاستشهاد بالمصدر: Work cat.: (OSt)0: Shakespeare, William, 1564-1616., Macbeth :
